Chaucer and Boccaccio /

Bibliographic Details
Main Author: Boitani, Piero
Format: Book
Language:English
Published: Oxford : Society for the Study of Mediaeval Languages and Literature, 1977.
Series:Mediumævum monographs ; new ser., 8.
Subjects:

MARC

Tag First Indicator Second Indicator Subfields
LEADER 00000cam a2200000 i 4500
001 in00000093693
005 20150927070211.0
008 791212s1977 enk b 00010 eng
010 |a  79320771  
015 |a GB79-00614 
020 |a 0950595519 :  |c 5.00 
035 |a (OCoLC)05992218 
035 |9 AAL5541AM 
040 |a DLC  |c DLC  |d TXA  |d UtOrBLW 
049 |a TXAM  |c [1159591] 
050 0 0 |a PQ4270.T43  |b B6 
082 0 |a 821/.1 
100 1 |a Boitani, Piero. 
245 1 0 |a Chaucer and Boccaccio /  |c by Piero Boitani. 
264 1 |a Oxford :  |b Society for the Study of Mediaeval Languages and Literature,  |c 1977. 
300 |a 5 unnumbered pages, 210 pages ;  |c 21 cm. 
336 |a text  |b txt  |2 rdacontent 
337 |a unmediated  |b n  |2 rdamedia 
338 |a volume  |b nc  |2 rdacarrier 
490 1 |a Medium vum monographs : new series ;  |v 8 
504 |a Includes bibliographical references. 
600 1 0 |a Boccaccio, Giovanni,  |d 1313-1375.  |t Teseida. 
600 1 0 |a Boccaccio, Giovanni,  |d 1313-1375  |x Influence. 
600 1 0 |a Chaucer, Geoffrey,  |d -1400  |x Criticism and interpretation. 
830 0 |a Mediumævum monographs ;  |v new ser., 8. 
999 |a MARS 
999 f f |s ca4af4b5-23f0-366e-b05a-7cc02b97e2b3  |i 223cfefe-03ef-39cb-9f8e-def142c359c2  |t 0 
952 f f |p normal  |a Texas A&M University  |b College Station  |c Sterling C. Evans Library  |d Evans: Library Stacks  |t 0  |e PQ4270.T43 B6  |h Library of Congress classification  |i unmediated -- volume  |m A14803791429 
998 f f |a PQ4270.T43 B6  |t 0  |l Evans: Library Stacks